The Sultan Azlan Shah law lectures : judges on the common law

Bibliographic Details
Other Authors: Sinnadurai, Visu, Dato' Seri, 1944 -
Format: Book
Published: Kuala Lumpur : Professional Law Books Publishers , 2004
Subjects:

MARC

LEADER 00000cam a2200000 7i4500
001 0000014679
005 20080714.0
008 080305
020 |a 9832631262 
090 0 0 |a 340.5709595   |b SUL 
245 1 4 |a The Sultan Azlan Shah law lectures :   |b judges on the common law   |c editor Visu Sinnadurai 
260 |a Kuala Lumpur :   |b Professional Law Books Publishers ,   |c 2004 
650 0 |a Common law   |x Malaysia 
650 0 |a Judges   |x Malaysia 
650 0 |a Speeches, addresses, etc 
700 1 |a Sinnadurai, Visu, Dato' Seri, 1944 - 
999 |a 0001012153   |b Book   |c Adult Collection   |e Cawangan Urban Transformation Centre 
999 |a 0001022298   |b Book   |c REFERENCE   |e Perbadanan Perpustakaan Awam Johor